00988nam a2200241Ia 450000100060000000300090000600800410001504000130005604000130006904100130008210000170009510000290011224500280014124500660016925000110023526000090024626000120025526000490026730000570031650003150037365000270068865000310071533405IT-RoPAU130308s9999 xx 000 0 und d aIT-RoPAU cIT-RoPAU aITALIANO aGubern Roman gCodice Aut. SPICS: 5725 aIntroduzione al fumetto bParole e Nuvole-Atti del Corso Sulla letteratura per Immagini a1a ed. aROMA bBulzoni c1985 [1° Ed.:1985 - Ed.Ling.Originale:1982] a"46 p. (prefazione: no ; testo: 46 [pagine: 11-56])" aStatuto Semiotico dei Fumetti Dall'Immagine Alla Parola Scritta Artista plastico di Fronte All'Espressione Temporale Protofumetti riviste domenicali inglesi Giornalismo Nordamericano e Genesi dei Fumetti Nascita e Morte di una Avanguardia Standardizzazione Industriale e Diversificazione di Generi Genere Epico aLINGUAGGIO DEL FUMETTO eCodice materia Spics: 6704